| 000 -LEADER |
| fixed length control field |
00474pab a2200157 454500 |
| 008 - FIXED-LENGTH DATA ELEMENTS--GENERAL INFORMATION |
| fixed length control field |
180718b xxu||||| |||| 00| 0 eng d |
| 100 ## - MAIN ENTRY--PERSONAL NAME |
| Personal name |
Baily, Antorine S. |
| 245 ## - TITLE STATEMENT |
| Title |
The role of the service sector in the economy of metropoliton Geneva, 1975-85 |
| 650 ## - SUBJECT ADDED ENTRY--TOPICAL TERM |
| Topical term or geographic name entry element |
Service Sector |
| 650 ## - SUBJECT ADDED ENTRY--TOPICAL TERM |
| Topical term or geographic name entry element |
Service Industry |
| 650 ## - SUBJECT ADDED ENTRY--TOPICAL TERM |
| Topical term or geographic name entry element |
Geneva |
| 650 ## - SUBJECT ADDED ENTRY--TOPICAL TERM |
| Topical term or geographic name entry element |
Service Industry - Geneva |
| 700 ## - ADDED ENTRY--PERSONAL NAME |
| Personal name |
Coffey, William J |
| 773 ## - HOST ITEM ENTRY |
| Main entry heading |
Review of Urban and Regional Development |
| 909 ## - |
| -- |
1894 |